000
00289nam a2200121Ia 4500
008
150201s2012 xx 000 0 und d
082
_a
621.382
_b
ANA
100
_a
Anand,Rishabh
245
_a
Wireless communication
260
_b
S.Chand
_a
N.Delhi
_c
2012
300
_a
410p.
942
_2
ddc
_c
BK
999
_c
5463
_d
5463